El Museo de América de Madrid: planteamientos y actuaciones en cooperación cultural y difusión sobre América /
Salvato in:
| Autore principale: | |
|---|---|
| Natura: | testo |
| Soggetti: | |
| Tags: |
Aggiungi Tag
Nessun Tag, puoi essere il primo ad aggiungerne!!
|
MARC
| LEADER | 00000 a a2200000 04500 | ||
|---|---|---|---|
| 001 | 18151 | ||
| 003 | |||
| 040 | |||
| 100 | |a Cabello Carro, María Paz | ||
| 245 | |a El Museo de América de Madrid: |b planteamientos y actuaciones en cooperación cultural y difusión sobre América / |c María Paz Cabello Carro | ||
| 650 | |a MUSEOS | ||
| 650 | |a COOPERACION CULTURAL | ||
| 650 | |a DIFUSION DE LA CULTURA | ||
| 650 | |a CULTURA | ||
| 773 | |g número 26; páginas 91-102 | ||
| 999 | |c 29627 |d 29627 | ||
